000 00848nmm a2200265 a 4500
001 ocm000882958
003 TR-IsHL
005 20201028153359.0
008 140311s2010 tu tur
007 cr cn
020 _a9786054334094
035 _a882958
_b(N$T)
050 0 4 _aPN2959.1
_b.E73 2010
090 0 4 _aPN2959.1
_b.E73 2010
100 1 _aEradam, Yusuf,
245 1 0 _aThespis'in delileri: tiyatroda tek etki
_h[electronic resource] /
_cYusuf, Eradam
260 _aİstanbul :
_bEfil Yayınevi,
_c2010
300 _a313 p.
650 4 _aDil ve Edebiyat
650 4 _aLanguage and Literature
650 0 _aTiyatro
_x Türkiye
650 0 _aTheater
_x Turkey
650 7 _aPERFORMING ARTS / Theater / General
_2bisacsh
856 4 0 _uhttp://search.ebscohost.com/login.aspx?direct=true&scope=site&db=e011xww&AN=882958
999 _c12019
_d12019